000 00599nam a2200205Ia 4500
003 GCL
008 140319s9999 xx 000 0 ara d
040 _aGCL /
_cGCL
082 0 4 _aق
_b299.31
_bا ا
100 1 _aانطوان زكرى
245 1 0 _aالادب والدين : عند قدماء المصريين /
_cانطوان زكرى
260 _aالقاهرة :
_bمطبعة مصر
300 _a188 ص ؛
_c24 سم
490 _a
650 0 4 _aالادب
650 0 4 _aمصر القديمة
650 0 4 _aالديانة
650 0 4 _aالفراعنة - تاريخ
942 _2ddc
_cBK
999 _c42925
_d42925